000 00405pam a2200157a 44500
008 230515b2013 xxu||||| |||| 00| 0 eng d
020 _aNULL
041 _aENGLISH
082 _a1
100 _aVD. SHEETAL NALAWADE
245 _aEFFICACY OF KALYANAKA VALENA ON GARBHINI ATISAR
250 _a1
260 _a
_bN.D.
_c2013
300 _a500
650 _aEFFICACY OF KALYANAKA VALENA ON GARBHINI ATISAR
999 _c498566
_d498566